| 000 | 00689nam a2200229 a 4500 | ||
|---|---|---|---|
| 001 | 000019504 | ||
| 005 | 20200929170034.0 | ||
| 008 | 100629s1975 ck 000 0 spa d | ||
| 040 |
_aDO-SdBNP _bspa _cBNPHU |
||
| 082 |
_a273.1 _bA926m, 1975 |
||
| 100 | 1 |
_aAun Weor, Samael, _941864 |
|
| 245 | 1 | 0 |
_aMás allá de la muerte : _bintroducción a la gnosis / _cSamael Aun Weor ; introducción de Julio Medina V. |
| 250 | _a3a ed. | ||
| 260 |
_aBogotá : _bIris Impresores, _c1975. |
||
| 300 |
_a122, [5] p. ; _c18 cm. |
||
| 490 | 1 | _aIris | |
| 650 | 4 |
_aNosticismo _941865 |
|
| 650 | 4 |
_aMuerte _911503 |
|
| 700 | 1 |
_aMedina V., Julio, _eintr. _941866 |
|
| 830 | 0 |
_aIris _941867 |
|
| 049 | _aBNGR | ||
| 999 |
_c19020 _d19020 |
||